| 000 | 00719nam a2200217 i 4500 | ||
|---|---|---|---|
| 001 | 188564 | ||
| 003 | ES-MaACL | ||
| 005 | 20250919110346.0 | ||
| 008 | 181220s1968 sp |||| | spa d | ||
| 100 | 1 |
_aCullmann, Oscar, _d1902-1999 _942150 |
|
| 245 | 1 | 0 |
_aCristo y el tiempo / _cOscan Cullmann ; [traducción por Juan Estruch]. |
| 260 |
_a[Barcelona] : _bEstela, _c[1968] |
||
| 300 |
_aXXXVI, 238 p. ; _c21 cm. |
||
| 490 | 1 |
_aColección "Theología" ; _v13 |
|
| 650 | 0 | 7 |
_aTeología dogmática _2embne _917468 |
| 650 | 0 | 4 |
_aSalvación. _916978 |
| 700 | 1 |
_aEstruch, Joan, _d1943- _948256 |
|
| 830 | 0 |
_aColección "Theología" ; _v13 _9193093 |
|
| 852 |
_aES-MaACL _jP-160-13 |
||
| 999 |
_c188564 _d188564 |
||